Cultivo de banana será retomado com força total (Registro n. 300898)
[ somente texto ]
| 000 -LÍDER | |
|---|---|
| fixed length control field | 00831nab a2200229 4500 |
| 003 - CÓDIGO MARC DA AGÊNCIA CATALOGADORA | |
| Campo de controle | BR-BrBNA |
| 005 - DATA E HORA DA ÚLTIMA ATUALIZAÇÃO | |
| Campo de controle | 20240815114714.0 |
| 008 - CAMPO DE TAMANHO FIXO | |
| fixed length control field | 240815b bl.||||| |||| 00| 0 por d |
| 040 ## - FONTE DA CATALOGAÇÃO | |
| Agência catalogadora | BR-BrBNA |
| Idioma da catalogação | por |
| 072 ## - CATEGORIA AGRIS | |
| Código AGRIS | F01 ; F30 ; Q04 |
| Código do objeto | 1112 |
| 245 ## - TÍTULO PRINCIPAL | |
| Título principal | Cultivo de banana será retomado com força total |
| Subtítulo | Bananicultura |
| 500 ## - NOTA GERAL | |
| Nota geral | 1 illus. |
| 942 ## - ADDED ENTRY ELEMENTS (KOHA) | |
| Koha item type | |
| 650 ## - ASSUNTO - THESAGRO | |
| Cabeçalho tópico ou nome geográfico | BANANICULTURA |
| 650 ## - ASSUNTO - THESAGRO | |
| Cabeçalho tópico ou nome geográfico | VARIEDADE RESISTENTE |
| 650 ## - ASSUNTO - THESAGRO | |
| Cabeçalho tópico ou nome geográfico | MELHORAMENTO GENÉTICO VEGETAL |
| 650 ## - ASSUNTO - THESAGRO | |
| Cabeçalho tópico ou nome geográfico | CERTIFICAÇÃO DE PRODUTO |
| 650 ## - ASSUNTO - THESAGRO | |
| Cabeçalho tópico ou nome geográfico | QUALIDADE DO ALIMENTO |
| 650 ## - ASSUNTO - THESAGRO | |
| Cabeçalho tópico ou nome geográfico | TOCANTINS |
| 773 0# - ENTRADA ANALÍTICA | |
| Host Biblionumber | 4604 |
| Registro do item | 317180 |
| Imprenta | Palmas - Tocantins Terranova Gráfica e Editora Jornalística Ltda 2005 |
| Outro identificador | 2024-3804 |
| Título | Cerrado Rural Agronegócios (Brazil) |
| ISSN | 1980-2595 |
| Colação | v. 3(9) p. 35; (Jul-Aug 2005) |
| Número de controle de registro | BR2024002430 |
Nenhum exemplar disponível.

BINAGRI